Úspešné tímy vybudujte silnú a súdržnú skupinu motivovaných ľudí

Na minha lista:
Detalhes bibliográficos
Autor principal: Coyle, Daniel
Formato: Livro
Idioma:eslovaco
Publicado em: Bratislava GRADA 2022
Edição:1. vydanie
Assuntos:
Tags: Adicionar Tag
Sem tags, seja o primeiro a adicionar uma tag!

MARC

LEADER 00000nam a2200000 4500
001 0299229
005 20240416114217.8
020 |a 978-80-8090-386-2 
041 0 |a slo 
044 |a SK 
245 1 0 |a Úspešné tímy  |b vybudujte silnú a súdržnú skupinu motivovaných ľudí  |c Daniel Coyle 
250 |a 1. vydanie 
264 1 |a Bratislava  |b GRADA  |c 2022 
300 |a 272 s. 
610 2 0 |a motivácia 
610 2 0 |a motivácia pracovná 
610 2 0 |a práca tímová 
610 2 0 |a vzťahy medziľudské 
100 1 |a Coyle, Daniel